000 00454nam a2200121Ia 4500
008 200902s9999 xx 000 0 und d
020 _a978-971-9654-83-4
100 _aMontoya, Rome Sherriff
245 _cRome Sherriff Montoya.--
_aStrategic Production and operations management /
260 _aManila :
_bUnlimited Books Library Services & Publishing Inc.
_c2017
300 _aviii , 202 pags :
_billustrations ;
_c23 cm.
650 _aProduction management
999 _c363930
_d363930